| 000 | 00941 a2200253 4500 | ||
|---|---|---|---|
| 003 | Nust | ||
| 005 | 20230119162319.0 | ||
| 010 | _a 90023743 | ||
| 020 | _a0836800524 | ||
| 040 | _cNust | ||
| 082 | 0 | 0 | _a662.6,SEI |
| 100 | 1 |
_aSeidenberg, Steven. _9105111 |
|
| 245 | 1 | 0 |
_aFuel and energy / _cSteven Seidenberg. |
| 250 | _aNorth American ed. | ||
| 260 |
_aMilwaukee : _bGareth Stevens Children's Books, _c1992. |
||
| 300 |
_a64 p. : _bill. ; _c25 cm. |
||
| 440 | 0 |
_aGareth Stevens information library _9100120 |
|
| 505 | _aFuel and Energy (Page-4), Wood (Page-8), Water (Page-12), Wind (Page-18), Fossil Fuels (Page-24), Coal (Page-26), Oil (Page-36), Gas (Page-44), Nuclear Power (Page-48), Electricity (Page-52), The Future (Page-56). | ||
| 650 | 0 |
_aFuel _xJuvenile literature. _9107156 |
|
| 650 | 0 |
_aFuel. _944800 |
|
| 650 | 0 |
_aPower resources _xJuvenile literature. _9105110 |
|
| 650 | 0 |
_aPower resources. _93458 |
|
| 942 |
_2ddc _cBK |
||
| 999 |
_c185007 _d185007 |
||